Central Library OPAC University of Rajshahi

Making cost-control work / (Record no. 15468)

MARC details
000 -LEADER
fixed length control field 00721nam a2200265 i 4500
001 - CONTROL NUMBER
control field 15468
003 - CONTROL NUMBER IDENTIFIER
rucl marc code BD-RjUL
005 - DATE AND TIME OF LATEST TRANSACTION
control field 20211208235825.0
008 - FIXED-LENGTH DATA ELEMENTS--GENERAL INFORMATION
fixed length control field 140210s1978 enka 001 0 eng
020 ## - INTERNATIONAL STANDARD BOOK NUMBER
International Standard Book Number 0333214161 :
035 ## - SYSTEM CONTROL NUMBER
System control number (BD-RjUL)15522
040 ## - CATALOGING SOURCE
Original cataloging agency DLC
Transcribing agency DLC
Modifying agency DLC
Language of cataloging eng
041 ## - LANGUAGE CODE
Language code of text/sound track or separate title eng
082 00 - DEWEY DECIMAL CLASSIFICATION NUMBER
Classification number 658.1552
Author mark and year BEM 1978
100 1# - MAIN ENTRY--PERSONAL NAME
Personal name Bentley, Trevor J.
9 (RLIN) 48047
245 10 - TITLE STATEMENT
Title Making cost-control work /
Statement of responsibility, etc. Trevor J. Bentley.
260 ## - PUBLICATION, DISTRIBUTION, ETC. (IMPRINT)
Place of publication, distribution, etc. London ;
-- New York :
Name of publisher, distributor, etc. Macmillan,
Date of publication, distribution, etc. 1978.
300 ## - PHYSICAL DESCRIPTION
Pagination 152 p. :
Illustrations ill. ;
Size 22 cm.
504 ## - BIBLIOGRAPHY, ETC. NOTE
Bibliography, etc Includes index.
650 #0 - SUBJECT ADDED ENTRY--TOPICAL TERM
Topical term or geographic name as entry element Cost control.
9 (RLIN) 48048
Topical term or geographic name as entry element Cost accounting.
9 (RLIN) 48049
942 ## - ADDED ENTRY ELEMENTS (KOHA)
Source of classification or shelving scheme Dewey Decimal Classification
Koha item type Books
Holdings
Lost status Source of classification or shelving scheme Damaged status Not for loan Collection code Permanent Location Current Location Shelving location Date acquired Source of acquisition Cost, normal purchase price Total Checkouts Full call number Date last seen Copy number Koha item type
  Dewey Decimal Classification   Not For Loan Non-fiction Central Library, University of Rajshahi Central Library, University of Rajshahi Reading Room 27/03/1980 Heffers. 8.95   658.1552 BEM 1978 10/02/2014 C-1 Books